[Event "66.Semifinale Camp. Italiano"]
[Site "Cortina d'Ampezzo ITA"]
[Date "2006.07.11"]
[Round "3.19"]
[White "Piva, Giorgio"]
[Black "Caracci, Giuseppe"]
[Result "1/2-1/2"]
[WhiteElo "2129"]
[BlackElo "2069"]
[Annotator "Gabriele Ballarin"]
[PlyCount "41"]
[EventDate "2006.07.09"]
[EventType "swiss"]
[EventRounds "9"]
[EventCountry "ITA"]

1. d4 f5 2. Bf4 Nf6 3. e3 g6 4. h4 h6 5. Nf3 d6 6. Nbd2 Bg7 7. Bc4 Nbd7 8. h5 gxh5 9. Qe2 Nf8 10. Bb3 e6 11. e4 Ng6 12. g3 Nxf4 13. gxf4 fxe4 14. Nxe4 O-O 15. c4 Nxe4 16. Qxe4 e5 17. c5+ Kh8 18. Rxh5 Rxf4 19. Qg6 Rf6 20. Qe4 Rf4 21. Qg6 1/2-1/2

[Event "66.Semifinale Camp. Italiano"]
[Site "Cortina d'Ampezzo ITA"]
[Date "2006.07.11"]
[Round "3.20"]
[White "Campini, Marco"]
[Black "Astengo, Corrado"]
[Result "1/2-1/2"]
[WhiteElo "2100"]
[BlackElo "2119"]
[Annotator "Gabriele Ballarin"]
[PlyCount "34"]
[EventDate "2006.07.09"]
[EventType "swiss"]
[EventRounds "9"]
[EventCountry "ITA"]

1. e4 c5 2. Nf3 e6 3. d4 cxd4 4. Nxd4 a6 5. Be3 Nf6 6. Nd2 b6 7. Bd3 Bb7 8. O-O d6 9. f4 Nbd7 10. N4b3 h5 11. Kh1 h4 12. Qf3 Qc7 13. Rfe1 d5 14. Bd4 dxe4 15. Nxe4 Be7 16. Be5 Nxe5 17. fxe5 Nxe4 1/2-1/2

[Event "66.Semifinale Camp. Italiano"]
[Site "Cortina d'Ampezzo ITA"]
[Date "2006.07.11"]
[Round "3.21"]
[White "Melotti, Dario"]
[Black "Puzzoni, Christian"]
[Result "0-1"]
[WhiteElo "2116"]
[BlackElo "2066"]
[Annotator "Gabriele Ballarin"]
[PlyCount "78"]
[EventDate "2006.07.09"]
[EventType "swiss"]
[EventRounds "9"]
[EventCountry "ITA"]

1. c4 e5 2. Nc3 f5 3. g3 Nf6 4. Bg2 Bc5 5. d3 O-O 6. e3 Nc6 7. Nge2 d6 8. O-O a5 9. a3 Bb6 10. d4 Qe8 11. Na4 Ba7 12. c5 Kh8 13. d5 Ne7 14. b4 f4 15. exf4 e4 16. Nec3 Bg4 17. f3 exf3 18. Bxf3 Bxf3 19. Qxf3 axb4 20. axb4 dxc5 21. bxc5 Bxc5+ 22. Nxc5 Rxa1 23. Re1 Qf7 24. Ne6 Rc8 25. g4 Qg6 26. h3 h5 27. g5 Nf5 28. Qg2 Ne8 29. Qb2 Rca8 30. Bd2 Rxe1+ 31. Bxe1 Ne3 32. Qd2 Nc2 33. Bf2 Nd6 34. Qe2 Ra3 35. Qe5 Ra1+ 36. Kh2 Ne8 37. f5 Qf7 38. g6 Qf6 39. Qf4 Qxc3 0-1

[Event "66.Semifinale Camp. Italiano"]
[Site "Cortina d'Ampezzo ITA"]
[Date "2006.07.11"]
[Round "3.22"]
[White "Milazzo, Mario"]
[Black "Gaspari, Mauro"]
[Result "1/2-1/2"]
[WhiteElo "2110"]
[BlackElo "1805"]
[Annotator "M. Milazzo"]
[PlyCount "60"]
[EventDate "2006.07.09"]
[EventType "swiss"]
[EventRounds "9"]
[EventCountry "ITA"]

1. e4 d6 2. d4 Nf6 3. Nc3 g6 4. g3 Bg7 5. Bg2 O-O 6. Nge2 c6 7. O-O Nbd7 8. h3 e5 9. Bg5 h6 10. Be3 Nb6 11. a4 Nc4 12. Bc1 Be6 13. b3 exd4 14. Nxd4 Na5 15. Rb1 d5 16. Be3 Qc8 17. Qd2 (17. Nxe6) 17... Bxh3 18. Bxh6 dxe4 19. Bxg7 Kxg7 20. Nxe4 Nxe4 21. Qxa5 (21. Bxe4 Bxf1 22. Nf5+) 21... Nf6 22. Qc3 (22. Rfe1) 22... Rh8 23. Qf3 Bxg2 24. Qxg2 Ng4 25. Nf3 Qf5 26. c4 Rh6 27. Nh4 Qf6 28. Qf3 Qxf3 29. Nxf3 Rah8 30. Kg2 Re8 1/2-1/2

[Event "66.Semifinale Camp. Italiano"]
[Site "Cortina d'Ampezzo ITA"]
[Date "2006.07.11"]
[Round "4.3"]
[White "Cocchi, Andrea"]
[Black "Bruno, Fabio"]
[Result "0-1"]
[WhiteElo "2333"]
[BlackElo "2388"]
[Annotator "Gabriele Ballarin"]
[PlyCount "86"]
[EventDate "2006.07.09"]
[EventType "swiss"]
[EventRounds "9"]
[EventCountry "ITA"]

1. c4 e5 2. Nc3 Nc6 3. a3 g6 4. g3 Bg7 5. Bg2 d6 6. e3 Be6 7. Nd5 Qd7 8. Qa4 Nf6 9. Ne2 O-O 10. Nxf6+ Bxf6 11. Nc3 Bh3 12. O-O Bg7 13. d3 Bxg2 14. Kxg2 a6 15. Bd2 b5 16. cxb5 axb5 17. Qb3 Rfb8 18. Nd5 Nd8 19. Rac1 c6 20. Nb4 Rc8 21. e4 h5 22. h4 Ne6 23. Qd1 d5 24. exd5 cxd5 25. Qf3 e4 26. Rxc8+ Rxc8 27. Qd1 Rd8 28. Bc1 Qb7 29. Kh2 Nd4 30. Kg2 Rd7 31. Be3 Nf3 32. dxe4 dxe4 33. Qc2 Rc7 34. Qe2 Rc4 35. Rd1 Kh7 36. Nd5 Qc8 37. Nb6 Qg4 38. Nxc4 Nxh4+ 39. Kf1 Qh3+ 40. Ke1 Nf3+ 41. Qxf3 exf3 42. Nd6 Bxb2 43. Nxb5 Qf5 0-1

[Event "66.Semifinale Camp. Italiano"]
[Site "Cortina d'Ampezzo ITA"]
[Date "2006.07.11"]
[Round "4.5"]
[White "Vocaturo, Daniele"]
[Black "Martorelli, Antonio"]
[Result "1/2-1/2"]
[WhiteElo "2410"]
[BlackElo "2264"]
[Annotator "Gabriele Ballarin"]
[PlyCount "78"]
[EventDate "2006.07.09"]
[EventType "swiss"]
[EventRounds "9"]
[EventCountry "ITA"]

1. e4 c5 {=} 2. Nf3 e6 3. d4 cxd4 4. Nxd4 a6 5. Bd3 g6 6. O-O Bg7 7. c3 Ne7 8. Qe2 Nbc6 9. Be3 O-O 10. Nd2 d5 11. Nxc6 Nxc6 12. Nb3 Ne5 13. Rad1 Bd7 14. Bb1 Bb5 15. Qe1 Bxf1 16. Qxf1 Qh4 17. exd5 exd5 18. Rxd5 Rfd8 19. Rxd8+ Rxd8 20. h3 Nc4 21. Bc1 b5 22. Bc2 Qh5 23. a4 Bh6 24. axb5 Bxc1 25. Qxc4 axb5 26. Qc7 Bg5 27. Nd4 Bf6 28. Qb6 Qg5 29. g3 Kg7 30. Bb3 Bxd4 31. cxd4 Qf6 32. Qxb5 Rxd4 33. Qa5 h6 34. h4 Rd6 35. Qb4 Rb6 36. Qc4 Rc6 37. Qe4 Rd6 38. Qb4 {=} Qd4 39. Qc4 Qf6 1/2-1/2

[Event "66.Semifinale Camp. Italiano"]
[Site "Cortina d'Ampezzo ITA"]
[Date "2006.07.11"]
[Round "4.6"]
[White "Brunello, Sabino"]
[Black "Fontana, Enrico"]
[Result "1-0"]
[WhiteElo "2391"]
[BlackElo "2122"]
[Annotator "Gabriele Ballarin"]
[PlyCount "77"]
[EventDate "2006.07.09"]
[EventType "swiss"]
[EventRounds "9"]
[EventCountry "ITA"]

1. e4 c5 2. Nf3 Nc6 3. Nc3 d6 4. d4 cxd4 5. Nxd4 e5 6. Nb3 f5 7. Bc4 Nf6 8. Bg5 Be7 9. Bxf6 Bxf6 10. Qd5 Rf8 11. O-O-O a6 12. Kb1 Nb4 13. Qd2 Rb8 14. a3 b5 15. Bxb5+ axb5 16. axb4 Be6 17. Na5 Rb6 18. exf5 Bg5 19. Qe2 Rxf5 20. Nd5 Bxd5 21. Rxd5 Qf6 22. f3 Rf4 23. c3 Qg6+ 24. Ka1 Be7 25. Rxb5 Rxb5 26. Qxb5+ Kf7 27. g3 Rf5 28. Nc6 Qe6 29. Qb7 Kf6 30. Re1 Rh5 31. f4 Bf8 32. fxe5+ dxe5 33. Nd4 Qg4 34. Qc6+ Ke7 35. Qc7+ Qd7 36. Rxe5+ Rxe5 37. Qxe5+ Kd8 38. b5 Bd6 39. Qxg7 1-0

[Event "66.Semifinale Camp. Italiano"]
[Site "Cortina d'Ampezzo ITA"]
[Date "2006.07.11"]
[Round "4.7"]
[White "Genocchio, Daniele"]
[Black "Rombaldoni, Axel"]
[Result "1/2-1/2"]
[WhiteElo "2345"]
[BlackElo "2169"]
[Annotator "Gabriele Ballarin"]
[PlyCount "100"]
[EventDate "2006.07.09"]
[EventType "swiss"]
[EventRounds "9"]
[EventCountry "ITA"]

1. Nf3 d5 2. g3 Nf6 3. Bg2 c6 4. O-O Bg4 5. b3 Nbd7 6. Bb2 Qc7 7. d4 e6 8. c4 Be7 9. Nc3 O-O 10. Rc1 Rad8 11. cxd5 exd5 12. Qc2 Qb8 13. h3 Bh5 14. Nh4 Bg6 15. Nxg6 hxg6 16. Rcd1 Rfe8 17. Bc1 Nf8 18. Bf3 Bd6 19. Kg2 Qc8 20. h4 Qf5 21. Rd3 Ne4 22. Rh1 Bb8 23. Qd1 Nd7 24. e3 Qf6 25. Bb2 Qd6 26. Ne2 Ndf6 27. Nf4 Qd7 28. Nh3 Nh7 29. Bg4 f5 30. Be2 Qe7 31. f4 Bd6 32. Ng5 Ba3 33. Ba1 c5 34. Qg1 c4 35. bxc4 dxc4 36. Rxa3 Nhxg5 37. Bxc4+ Nf7 38. Rd3 Ned6 39. Bd5 Ne4 40. Bb3 Nc5 41. dxc5 Rxd3 42. Bd4 Qe4+ 43. Kh3 g5 44. hxg5 Rxb3 45. axb3 Nxg5+ 46. fxg5 Kf7 47. Bxg7 Kxg7 48. Qa1+ Kg8 49. Rd1 Qg4+ 50. Kg2 Qe2+ 1/2-1/2

[Event "66.Semifinale Camp. Italiano"]
[Site "Cortina d'Ampezzo ITA"]
[Date "2006.07.11"]
[Round "4.11"]
[White "Astengo, Marcello"]
[Black "Guido, Flavio"]
[Result "0-1"]
[WhiteElo "2109"]
[BlackElo "2323"]
[Annotator "Gabriele Ballarin"]
[PlyCount "52"]
[EventDate "2006.07.09"]
[EventType "swiss"]
[EventRounds "9"]
[EventCountry "ITA"]

1. d4 Nf6 2. c4 e6 3. Nc3 Bb4 4. Qc2 c5 5. e3 cxd4 6. exd4 Nc6 7. Nf3 d5 8. a3 Bxc3+ 9. bxc3 dxc4 10. Bxc4 h6 11. O-O O-O 12. Ba2 b6 13. Bb2 Bb7 14. Rad1 Rc8 15. Bb1 Na5 16. Ne5 Be4 17. Qe2 Bxb1 18. Rxb1 Qd5 19. f4 Nc4 20. Bc1 Qe4 21. Qa2 Nd5 22. Nxc4 Nxc3 23. Qb3 Qxb1 24. Qxc3 Qa2 25. f5 Qxc4 26. Qe3 exf5 0-1

[Event "66.Semifinale Camp. Italiano"]
[Site "Cortina d'Ampezzo ITA"]
[Date "2006.07.11"]
[Round "4.12"]
[White "Ricci, Marco"]
[Black "Franchini, Gabriele"]
[Result "1/2-1/2"]
[WhiteElo "2150"]
[BlackElo "2292"]
[Annotator "Gabriele Ballarin"]
[PlyCount "54"]
[EventDate "2006.07.09"]
[EventType "swiss"]
[EventRounds "9"]
[EventCountry "ITA"]

1. e4 c5 2. Nf3 d6 3. d4 cxd4 4. Qxd4 a6 5. Be3 Nc6 6. Qb6 Qxb6 7. Bxb6 Nf6 8. Nc3 Bg4 9. h3 Bh5 10. Bd3 e6 11. g4 Bg6 12. O-O-O Rc8 13. Nh4 Nd7 14. Be3 Be7 15. Ng2 Nce5 16. f4 Nxd3+ 17. Rxd3 f5 18. exf5 exf5 19. g5 O-O 20. Nd5 Bd8 21. Bd4 $138 Bf7 22. Nge3 Nc5 23. Rc3 Rc6 24. Nb4 Rc8 25. Nbd5 Rc6 26. Nb4 Rc8 27. Nbd5 Rc6 1/2-1/2

[Event "66.Semifinale Camp. Italiano"]
[Site "Cortina d'Ampezzo ITA"]
[Date "2006.07.11"]
[Round "4.13"]
[White "Sbarra, Marco"]
[Black "Capata, Ion"]
[Result "1-0"]
[WhiteElo "2290"]
[BlackElo "2110"]
[Annotator "Gabriele Ballarin"]
[PlyCount "171"]
[EventDate "2006.07.09"]
[EventType "swiss"]
[EventRounds "9"]
[EventCountry "ITA"]

1. c4 e6 2. Nf3 d5 3. b3 Nf6 4. g3 b6 5. Bg2 Bb7 6. O-O c5 7. e3 dxc4 8. bxc4 Be7 9. d4 O-O 10. Nc3 Ne4 11. Qc2 Nxc3 12. Qxc3 Qc7 13. Ba3 Na6 14. Rac1 Bf6 15. Rfd1 Rfd8 16. Qc2 Rac8 17. Bb2 cxd4 18. Bxd4 Bxf3 19. Bxf3 e5 20. Bb2 Rxd1+ 21. Rxd1 g6 22. Bd5 Nb4 23. Qb3 Nxd5 24. cxd5 Be7 25. Rc1 Bc5 26. Qc3 f6 27. Qc4 Kg7 28. Qe4 Re8 29. f4 Kf7 30. fxe5 fxe5 31. Ba3 Kg7 32. Bxc5 bxc5 33. Qc4 Rb8 34. Qxc5 Qxc5 35. Rxc5 Rb1+ 36. Kg2 Rb2+ 37. Kf3 Rxa2 38. Ke4 Ra3 39. Kxe5 Rxe3+ 40. Kd6 Kf6 41. Rc7 h5 42. Rxa7 Re2 43. Ra4 Rxh2 44. Rf4+ Kg7 45. Ke5 Re2+ 46. Kd4 g5 47. Rf5 Kg6 48. Re5 Rd2+ 49. Kc4 Rc2+ 50. Kd4 Rd2+ 51. Ke3 Rd1 52. Ke2 Rd4 53. Ke3 Rg4 54. d6 Rxg3+ 55. Ke4 Rg4+ 56. Ke3 Rg1 57. Ke2 Rg4 58. Kd3 Rg3+ 59. Kc4 Kf6 60. d7 Kxe5 61. d8=Q Kf4 62. Kd4 h4 63. Qf6+ Kg4 64. Ke4 Kh3 65. Qf2 g4 66. Qf1+ Kh2 67. Qf2+ Kh1 68. Qe1+ Kg2 69. Kf4 Kh2 70. Qf2+ Kh3 71. Kg5 Rf3 72. Qxh4+ Kg2 73. Qh7 g3 74. Kg4 Rf2 75. Qe4+ Kh2 76. Qe3 Rg2 77. Qh6+ Kg1 78. Qc1+ Kh2 79. Qf1 Rf2 80. Qe1 Rg2 81. Qe3 Kh1 82. Kh3 Rh2+ 83. Kg4 g2 84. Qf3 Rh8 85. Kg3 Rg8+ 86. Kf2 1-0

[Event "66.Semifinale Camp. Italiano"]
[Site "Cortina d'Ampezzo ITA"]
[Date "2006.07.11"]
[Round "4.14"]
[White "Ubezio, Marco"]
[Black "Navarro, Stefano"]
[Result "1/2-1/2"]
[WhiteElo "2161"]
[BlackElo "2224"]
[Annotator "Gabriele Ballarin"]
[PlyCount "67"]
[EventDate "2006.07.09"]
[EventType "swiss"]
[EventRounds "9"]
[EventCountry "ITA"]

1. d4 d5 2. c4 e6 3. Nc3 c6 4. cxd5 exd5 5. Qc2 Nf6 6. Bg5 Nbd7 7. e3 Be7 8. Bd3 O-O 9. Nge2 Re8 10. O-O Nf8 11. f3 Ng6 12. e4 dxe4 13. fxe4 Bg4 14. Rad1 Bxe2 15. Bxe2 Nxe4 16. Nxe4 Bxg5 17. Bc4 Be3+ 18. Kh1 Re7 19. Rxf7 Rxf7 20. Bxf7+ Kxf7 21. Qb3+ Kf8 22. Qxe3 Kg8 23. d5 cxd5 24. Qb3 Ne7 25. Nc3 Qb6 26. Nxd5 Qxb3 27. Nxe7+ Kf7 28. axb3 Kxe7 29. Kg1 Rc8 30. Rd2 Ke6 31. Kf2 Rc7 32. Ke3 Ke5 33. Rf2 g6 34. Kd3 1/2-1/2

[Event "66.Semifinale Camp. Italiano"]
[Site "Cortina d'Ampezzo ITA"]
[Date "2006.07.11"]
[Round "4.15"]
[White "Vezzosi, Paolo"]
[Black "Astengo, Corrado"]
[Result "1-0"]
[WhiteElo "2356"]
[BlackElo "2119"]
[Annotator "Gabriele Ballarin"]
[PlyCount "83"]
[EventDate "2006.07.09"]
[EventType "swiss"]
[EventRounds "9"]
[EventCountry "ITA"]

1. e4 e6 2. d4 d5 3. e5 c5 4. c3 Qb6 5. Nf3 Bd7 6. a3 Bb5 7. c4 Bxc4 8. Bxc4 dxc4 9. d5 exd5 10. Qxd5 Ne7 11. Qxc4 Qa6 12. Qxa6 Nxa6 13. Nc3 Nc7 14. Bg5 h6 15. Bxe7 Bxe7 16. O-O-O Rd8 17. Rxd8+ Kxd8 18. Rd1+ Kc8 19. Kc2 Rd8 20. Rxd8+ Kxd8 21. Kd3 Kd7 22. Ke4 Ke6 23. g4 f6 24. Ne2 Nd5 25. Ned4+ cxd4 26. Nxd4+ Kd7 27. Kxd5 fxe5 28. Kxe5 Bd6+ 29. Ke4 Bxh2 30. Nf5 Ke6 31. Nxg7+ Kf6 32. Nf5 Kg5 33. f3 Bf4 34. a4 Bc1 35. b3 Ba3 36. Ne3 Bd6 37. Nc4 Bc7 38. Ne5 Kf6 39. f4 Ke6 40. Nf3 Kf6 41. Nd4 Bb6 42. Nf5 1-0

[Event "66.Semifinale Camp. Italiano"]
[Site "Cortina d'Ampezzo ITA"]
[Date "2006.07.11"]
[Round "4.16"]
[White "Luciani, Valerio"]
[Black "Campini, Marco"]
[Result "1-0"]
[WhiteElo "2232"]
[BlackElo "2100"]
[Annotator "Gabriele Ballarin"]
[PlyCount "59"]
[EventDate "2006.07.09"]
[EventType "swiss"]
[EventRounds "9"]
[EventCountry "ITA"]

1. d4 d5 2. c4 e6 3. Nc3 Be7 4. cxd5 exd5 5. Bf4 Nf6 6. e3 b6 7. Bd3 O-O 8. Rc1 c5 9. Nge2 Nc6 10. O-O Bg4 11. f3 Be6 12. h3 a6 13. Bb1 Rc8 14. g4 Re8 15. Kg2 c4 16. e4 b5 17. e5 Nd7 18. Be3 f6 19. Nf4 Nf8 20. Nxe6 Nxe6 21. Bf5 Bf8 22. f4 fxe5 23. fxe5 Rc7 24. Bxe6+ Rxe6 25. Qf3 Re8 26. Rf2 h6 27. Nxd5 Rd7 28. Nf4 Rxe5 29. dxe5 Nxe5 30. Qe4 1-0

[Event "66.Semifinale Camp. Italiano"]
[Site "Cortina d'Ampezzo ITA"]
[Date "2006.07.11"]
[Round "4.17"]
[White "Puzzoni, Christian"]
[Black "Pechy, Alaster"]
[Result "0-1"]
[WhiteElo "2066"]
[BlackElo "2169"]
[Annotator "Gabriele Ballarin"]
[PlyCount "54"]
[EventDate "2006.07.09"]
[EventType "swiss"]
[EventRounds "9"]
[EventCountry "ITA"]

1. e4 c5 2. b4 cxb4 3. a3 bxa3 4. Nxa3 d6 5. Bc4 e6 6. d4 Nf6 7. Qe2 Be7 8. Nf3 O-O 9. Bd3 e5 10. c3 Bg4 11. Nc4 exd4 12. cxd4 d5 13. exd5 Bb4+ 14. Kf1 Bc3 15. Rb1 Re8 16. Qc2 Bxf3 17. Qxc3 Bxd5 18. Qa1 Nc6 19. f3 Qe7 20. Ba3 Bxc4 21. Bxc4 Qc7 22. Rc1 Qf4 23. Bc5 Rad8 24. Qc3 Re3 25. Qb2 Ne4 26. Be2 Re8 27. g3 Rxf3+ 0-1

[Event "66.Semifinale Camp. Italiano"]
[Site "Cortina d'Ampezzo ITA"]
[Date "2006.07.11"]
[Round "4.18"]
[White "Facchetti, Gianni"]
[Black "Laghetti, Gaetano"]
[Result "1-0"]
[WhiteElo "2133"]
[BlackElo "1972"]
[Annotator "Gabriele Ballarin"]
[PlyCount "81"]
[EventDate "2006.07.09"]
[EventType "swiss"]
[EventRounds "9"]
[EventCountry "ITA"]

1. e4 c5 2. Nf3 d6 3. d4 cxd4 4. Qxd4 Nc6 5. Bb5 Bd7 6. Bxc6 Bxc6 7. c4 Nf6 8. Nc3 g6 9. O-O Bg7 10. Be3 O-O 11. Qd3 a6 12. Bd4 Nd7 13. Bxg7 Kxg7 14. b4 Nb6 15. a4 Rc8 16. a5 Na8 17. Rac1 Nc7 18. Nd5 Nxd5 19. exd5 Bd7 20. Rfe1 f5 21. Qd4+ Kg8 22. Ng5 h6 23. Ne6 Bxe6 24. Rxe6 Rf6 25. Rce1 Rxe6 26. Rxe6 Kh7 27. h4 Rc7 28. Qf4 Qf8 29. c5 Rd7 30. c6 bxc6 31. dxc6 Rc7 32. Qe3 Qd8 33. h5 g5 34. Qd3 Qf8 35. Qxa6 Qf7 36. Qe2 Qf8 37. b5 Qd8 38. Qf3 Qf8 39. b6 Qc8 40. Qxf5+ Kh8 41. bxc7 1-0

[Event "66.Semifinale Camp. Italiano"]
[Site "Cortina d'Ampezzo ITA"]
[Date "2006.07.11"]
[Round "4.19"]
[White "Pomaro, Alberto"]
[Black "Piva, Giorgio"]
[Result "0-1"]
[WhiteElo "2046"]
[BlackElo "2129"]
[Annotator "Gabriele Ballarin"]
[PlyCount "82"]
[EventDate "2006.07.09"]
[EventType "swiss"]
[EventRounds "9"]
[EventCountry "ITA"]

1. d4 d5 2. c4 dxc4 3. Nc3 a6 4. a4 Nc6 5. e3 Na5 6. Nf3 Bg4 7. Be2 e6 8. Ne5 Bxe2 9. Qxe2 Nf6 10. Nxc4 Nb3 11. Rb1 c5 12. dxc5 Bxc5 13. O-O O-O 14. Qc2 Nxc1 15. Rbxc1 Rc8 16. Ne4 Nd5 17. Rfd1 Qe7 18. Nxc5 Rxc5 19. a5 Rfc8 20. Qa4 g6 21. b3 Qc7 22. Rd3 b5 23. axb6 Nxb6 24. Qa2 Nxc4 25. Rxc4 Rxc4 26. bxc4 Qxc4 27. Qxc4 Rxc4 28. Rd8+ Kg7 29. g3 g5 30. h3 h5 31. Ra8 Ra4 32. Kf1 Kg6 33. Rg8+ Kf5 34. Ke2 f6 35. Rh8 h4 36. g4+ Ke4 37. f3+ Ke5 38. f4+ Ke4 39. fxg5 Ra2+ 40. Kf1 Kf3 41. Kg1 Kg3 0-1

[Event "66.Semifinale Camp. Italiano"]
[Site "Cortina d'Ampezzo ITA"]
[Date "2006.07.11"]
[Round "4.20"]
[White "Alberton, Roberto"]
[Black "Caracci, Giuseppe"]
[Result "0-1"]
[WhiteElo "2128"]
[BlackElo "2069"]
[Annotator "Gabriele Ballarin"]
[PlyCount "86"]
[EventDate "2006.07.09"]
[EventType "swiss"]
[EventRounds "9"]
[EventCountry "ITA"]

1. e4 c5 2. Nf3 d6 3. d4 cxd4 4. Nxd4 Nf6 5. Nc3 a6 6. h3 e6 7. g4 Nc6 8. Bg2 Qc7 9. f4 Bd7 10. Be3 h6 11. Nb3 b5 12. Qe2 Be7 13. Qf2 Rb8 14. O-O h5 15. g5 Nh7 16. Rae1 Nf8 17. f5 Ne5 18. fxe6 fxe6 19. Nd4 Nfg6 20. Nf3 O-O 21. Qe2 Nc4 22. Bc1 Nf4 23. Bxf4 Rxf4 24. b3 Qc5+ 25. Kh1 Ne5 26. Nxe5 Qxe5 27. Rxf4 Qxf4 28. Qxh5 Qxg5 29. Qxg5 Bxg5 30. Re2 Rc8 31. Nd1 b4 32. Bf3 Kf8 33. Bg4 Ke7 34. Nf2 Bb5 35. Nd3 a5 36. Rf2 Bc6 37. Bf3 Rf8 38. Bg2 Rc8 39. Nf4 Bxf4 40. Rxf4 Bb7 41. Rf2 Rc3 42. Kh2 Re3 43. e5 d5 0-1

[Event "66.Semifinale Camp. Italiano"]
[Site "Cortina d'Ampezzo ITA"]
[Date "2006.07.11"]
[Round "4.21"]
[White "Gaspari, Mauro"]
[Black "Bonafede, Alessandro"]
[Result "0-1"]
[WhiteElo "1805"]
[BlackElo "2175"]
[Annotator "Gabriele Ballarin"]
[PlyCount "64"]
[EventDate "2006.07.09"]
[EventType "swiss"]
[EventRounds "9"]
[EventCountry "ITA"]

1. c4 f5 2. Nc3 Nf6 3. g3 g6 4. Bg2 Bg7 5. d3 e5 6. e4 O-O 7. Nge2 d6 8. O-O c6 9. Rb1 a5 10. Be3 Ng4 11. Bd2 Be6 12. h3 Nf6 13. b3 d5 14. cxd5 cxd5 15. Bg5 fxe4 16. dxe4 d4 17. Nd5 Qd6 18. Bxf6 Bxf6 19. Nec3 Na6 20. Kh2 Rad8 21. Nb5 Qd7 22. a4 Nb4 23. Nxb4 axb4 24. Qd2 Qe7 25. h4 Rc8 26. Bh3 Bxh3 27. Kxh3 Bxh4 28. gxh4 Rf4 29. f3 Qxh4+ 30. Kg2 Qg5+ 31. Kf2 Rxf3+ 32. Ke2 Qg2+ 0-1

[Event "66.Semifinale Camp. Italiano"]
[Site "Cortina d'Ampezzo ITA"]
[Date "2006.07.11"]
[Round "4.22"]
[White "Frigieri, Fabrizio"]
[Black "Milazzo, Mario"]
[Result "1-0"]
[WhiteElo "2098"]
[BlackElo "2110"]
[Annotator "M. Milazzo"]
[PlyCount "105"]
[EventDate "2006.07.09"]
[EventType "swiss"]
[EventRounds "9"]
[EventCountry "ITA"]

1. e4 e5 2. Nf3 Nc6 3. Bc4 Nf6 4. d3 Be7 5. O-O d6 6. c3 O-O 7. Bb3 Bg4 8. h3 Bh5 9. Re1 Na5 10. Bc2 c5 11. a4 Nc6 12. Nbd2 Qc7 13. Nf1 d5 14. Ng3 Bg6 15. Nh4 dxe4 16. dxe4 Rfd8 17. Qe2 a6 18. Nhf5 Qd7 19. Bg5 h6 20. Be3 Bf8 21. Rad1 Qe6 22. Bd3 Na5 23. Bc1 c4 24. Bc2 b5 25. Ne3 Nc6 26. Ngf5 Bh7 27. Ng4 Nxg4 28. hxg4 Bc5 29. Ne3 Ne7 30. Nd5 Rac8 31. g5 hxg5 32. Bxg5 f6 33. Be3 Nxd5 34. exd5 Rxd5 35. Rxd5 Qxd5 36. Rd1 Bd3 37. Bxd3 cxd3 38. Rxd3 Qe4 39. axb5 axb5 40. Qd1 Bxe3 41. Rxe3 Qc4 42. Rd3 b4 43. b3 Qc5 44. c4 e4 45. Rd5 Qe7 46. Rd7 Qe8 (46... Qe6 47. Qd5 Qxd5 48. Rxd5 Kf7) 47. Qd5+ Kf8 48. Qd6+ Kg8 49. Re7 Qf8 50. Qe6+ Kh8 51. Qxe4 Qd8 52. g3 Ra8 53. Kg2 1-0

[Event "66.Semifinale Camp. Italiano"]
[Site "Cortina d'Ampezzo ITA"]
[Date "2006.07.12"]
[Round "5.1"]
[White "Bruno, Fabio"]
[Black "Garcia Palermo, Carlos H"]
[Result "1/2-1/2"]
[WhiteElo "2388"]
[BlackElo "2445"]
[Annotator "Gabriele Ballarin"]
[PlyCount "31"]
[EventDate "2006.07.09"]
[EventType "swiss"]
[EventRounds "9"]
[EventCountry "ITA"]

1. d4 e6 2. Nf3 d5 3. c4 Nf6 4. Nc3 Be7 5. Bg5 O-O 6. e3 Nbd7 7. Rc1 c6 8. Bd3 dxc4 9. Bxc4 Nd5 10. Bxe7 Qxe7 11. O-O Nxc3 12. Rxc3 e5 13. Qc2 e4 14. Nd2 Nf6 15. Rc1 Bf5 16. f4 1/2-1/2

[Event "66.Semifinale Camp. Italiano"]
[Site "Cortina d'Ampezzo ITA"]
[Date "2006.07.12"]
[Round "5.3"]
[White "Mogranzini, Roberto"]
[Black "Brunello, Sabino"]
[Result "1/2-1/2"]
[WhiteElo "2353"]
[BlackElo "2391"]
[Annotator "Gabriele Ballarin"]
[PlyCount "87"]
[EventDate "2006.07.09"]
[EventType "swiss"]
[EventRounds "9"]
[EventCountry "ITA"]

1. e4 e5 2. Nf3 Nc6 3. Bb5 a6 4. Ba4 Nf6 5. O-O Be7 6. d3 d6 7. c3 O-O 8. Nbd2 b5 9. Bc2 Re8 10. Re1 Bf8 11. Nf1 g6 12. Bg5 h6 13. Bh4 Bg7 14. Ne3 Qd7 15. a4 Bb7 16. Qd2 Rab8 17. b4 Nd8 18. axb5 axb5 19. Ra7 Nh5 20. Bxd8 Rexd8 21. d4 exd4 22. cxd4 Nf6 23. d5 c6 24. Nd4 cxd5 25. exd5 Ra8 26. Rxa8 Bxa8 27. Bb3 Qc7 28. Nxb5 Qb6 29. Qd3 Rb8 30. Bc4 Nd7 31. Qa3 Ne5 32. Bf1 Bb7 33. Nc3 Re8 34. Na4 Qa7 35. Qb3 Ra8 36. Nc3 f5 37. Ne2 Ng4 38. Nxg4 fxg4 39. Qd3 Rf8 40. Qe3 Qxe3 41. fxe3 Bxd5 42. Rd1 Bf7 43. Rxd6 {=} Rb8 44. Nf4 1/2-1/2

[Event "66.Semifinale Camp. Italiano"]
[Site "Cortina d'Ampezzo ITA"]
[Date "2006.07.12"]
[Round "5.4"]
[White "Brancaleoni, Maurizio"]
[Black "Ronchetti, Niccolo"]
[Result "1/2-1/2"]
[WhiteElo "2275"]
[BlackElo "2421"]
[Annotator "Gabriele Ballarin"]
[PlyCount "27"]
[EventDate "2006.07.09"]
[EventType "swiss"]
[EventRounds "9"]
[EventCountry "ITA"]

1. Nf3 d5 2. c4 c6 3. e3 Nf6 4. Nc3 e6 5. d4 Nbd7 6. Bd3 Bd6 7. e4 dxe4 8. Nxe4 Nxe4 9. Bxe4 Nf6 10. Bc2 b6 11. O-O Bb7 12. Bg5 h6 13. Bh4 Qc7 14. Rb1 1/2-1/2

[Event "66.Semifinale Camp. Italiano"]
[Site "Cortina d'Ampezzo ITA"]
[Date "2006.07.12"]
[Round "5.7"]
[White "Satta, Vladimiro"]
[Black "Genocchio, Daniele"]
[Result "0-1"]
[WhiteElo "2221"]
[BlackElo "2345"]
[Annotator "Gabriele Ballarin"]
[PlyCount "162"]
[EventDate "2006.07.09"]
[EventType "swiss"]
[EventRounds "9"]
[EventCountry "ITA"]

1. c4 Nf6 2. g3 e5 3. Bg2 Be7 4. Nc3 O-O 5. Nf3 d6 6. d4 Nbd7 7. O-O Re8 8. Qc2 c6 9. b3 Bf8 10. e4 a6 11. Bb2 b5 12. cxb5 axb5 13. a4 Bb7 14. axb5 cxb5 15. Rxa8 Qxa8 16. d5 b4 17. Na4 Rc8 18. Qb1 g6 19. Rc1 Bh6 20. Rxc8+ Qxc8 21. Ne1 Bd2 22. Nd3 Ba6 23. Bf1 h5 24. f3 h4 25. Qd1 Be3+ 26. Kg2 Bxd3 27. Qxd3 Bd4 28. Qc4 Qxc4 29. Bxc4 Bxb2 30. Nxb2 hxg3 31. hxg3 Nc5 32. Kf2 Kf8 33. Ke3 Ke7 34. Nd1 Nfd7 35. Kd2 Kd8 36. Kc2 Kc7 37. Bb5 Nf6 38. Ne3 Nh5 39. Nf1 Ng7 40. Nd2 Kb6 41. Be2 f5 42. Kd1 fxe4 43. fxe4 Ne8 44. Ke1 Nf6 45. Bf3 g5 46. g4 Nb7 47. Ke2 Na5 48. Kd3 Nb7 49. Ke3 Ne8 50. Bd1 Nd8 51. Be2 Nf6 52. Nc4+ Kc7 53. Nd2 Nf7 54. Nf1 Kb6 55. Kd3 Nd7 56. Ke3 Nh6 57. Bd1 Nf6 58. Nh2 Nhg8 59. Nf1 Ne7 60. Nd2 Nc8 61. Be2 Na7 62. Nc4+ Kc7 63. Nb2 Kd8 64. Nd3 Nb5 65. Nxb4 Nd4 66. Bd1 Kc7 67. Na2 Kb6 68. Kd3 Nd7 69. Nc1 Kb5 70. Ne2 Nxe2 71. Kxe2 Kb4 72. Kd2 Nc5 73. Bc2 Nxb3+ 74. Kd3 Nc5+ 75. Ke3 Kc3 76. Bd1 Nd3 77. Be2 Nb2 78. Bb5 Nc4+ 79. Ke2 Kd4 80. Bxc4 Kxc4 81. Ke3 Kc3 0-1